00389cam a22000977a 4500008004000000082001700040245013300057260005000190300001000240700004100250180718b1963 xxu||||| |||| 00| 0 eng d aK63x42 Un3vr aReport of the tribunal appointment to inquiry into the vassall case and related matterscby Tribunals of Inquiry, United Kingdom aLondonbHer Majesty's Stationery Officec1963 a87+p. aUnited Kingdom. Tribunals of Inquiry